EAFIT. Journal of International Law

Detalles Bibliográficos
Autor Corporativo: Universidad EAFIT
Formato: eBook
Lenguaje:inglés
Publicado: Colombia Universidad EAFIT 2015
Materias:
Acceso en línea:Acceso restringido

MARC

LEADER 00000nam a22000007a 4500
005 20160525104650.0
007 cr|||| ||
008 160525s2015 xxuz|||os|||| 0||| 1eng d
035 |a 14253 
040 |a vLex  
090 |c 6153  |d 6153 
245 1 0 |a EAFIT. Journal of International Law  |h [Recurso electrn̤ico] /  |c Universidad EAFIT  
256 |a Servicio en ln̕ea  
260 |a Colombia  |b Universidad EAFIT   |c 2015 
300 |a 1 recurso electrn̤ico  
310 |a Dos veces al aǫ 
506 1 |a Contenido solo disponible en los productos indicados  |d vLex Global  |d vLex Global (Academic Edition, excluding Law Schools)  |d vLex Global (U.S. Academic Edition, Law Schools)  |d vLex Global (U.S. Academic Edition, excluding Law Schools)  |d vLex Global (Academic Edition, Law Schools) 
650 0 4 |a Derecho internacional   |z Colombia 
710 |a Universidad EAFIT  
740 0 |a vLex revistas (servicio en ln̕ea) 
856 4 0 |u http://vlex.com/source/eafit-journal-international-law-14253  |z Acceso restringido  
942 |c REV 
999 0 |a International Law  |b Colombia